1749 1591 1063 1386 1033 1002 1618 1565 1663 1647 1926 1674 1748 1299 1236 1460 1456 1595 1862 1950 1175 1391 1421 1614 1520 1063 1763 1584 1360 1630 1218 1581 1141 1193 1157 1898 1094 1125 1245 1600 2000 1210 1401 1271 1677 1358 1992 1570 1115 1136 1906 1604 1323 1515 1468 1333 1779 1228 1337 1942 1401 1910 1238 1525 1242 1626 1696 1147 1959 1586 1778 1893 1462 1737 1620 1813 1979 1413 1202 1571 1600 1592 1426 1314 1401 1811 1819 1736 1824 1079 1151 1465 1615 1346 1818 1262 1113 1714 1592 BCNSPRNW ULIB Ver.6.0+V

เปลี่ยนเป็นภาษาไทย

Change to English
 แสดงรายละเอียดบรรณานุกรม
  กลับหน้าหลัก

Brief Record : Get Marc (ISO 2709) : E-mail record : QR code < ปิดหน้าต่าง
LEADER : 00000nam 2200000uu 4500
001    13399127180
003     ULIB
008    191019s2018||||th 000 0 tha d
020    ^a9781506237374 (pbk.)
050  4 ^aPE1128^bI22
245 10 ^aIELTS prep plus 2019-2020 /^c[Kaplan]
246 30 ^aKaplan IELTS prep plus 2019-2020
246 30 ^aInternational English Language Testing System prep plus2019-2020
260    ^aNew York :^bKaplan Publishing,^c2018
300    ^avii, 495 p. :^bill. ;^c28 cm. +^e1 CD-ROM
650  0 ^aInternational English Language Testing System^vStudyguides
650  0 ^aEnglish language^xExaminations^vStudy guides
650  0 ^aEnglish language^vTextbooks for foreign speakers
653    ^aIELTS
945    ^p0^l0^i27872
999    ^aกัณชพร จุลอักษร
รายการนี้ยังไม่มีแท็ก
คุณยังไม่ได้ล็อกอิน คุณสามารถมีกิจกรรมร่วมกับเว็บไซต์ได้ แต่ต้องล็อกอินก่อน ::
  ล็อกอิน

รายการสื่อสารสนเทศ

ลำดับที่ ประเภท เลขเรียก/บาร์โค้ด สถานที่ สถานะ
1. วิทยาศาสตร์การแพทย์ และสุขภาพ
วิทยาศาสตร์การแพทย์ และสุขภาพ
PE1128 I22 ฉ.1 
  Barcode: 27872
ห้องสมุดวิทยาเขตนครสวรรค์
►หนังสือทั่วไป:l:General Books
บนชั้น

BibComment


ยังไม่เคยถูกคอมเมนท์

คอมเมนท์ทรัพยากรรายการนี้
  คอมเมนท์: IELTS prep plus ..


 Copyright 2026. Bcnsprnw @Library